000 00640nam a2200265Ia 4500
005 20260121170653.0
008 008 260114s9999 xx 000 0 eng d
020 _a9781137587718
037 _aEBOOK
040 _aCRL
040 _beng
040 _cCRL
041 _2eng
041 _aeng
084 _qCRL
100 _aHossein Askari, Hossein Mohammadkhan
_91066722
245 0 _aIslamicity Indices
260 _bSpringer
260 _bSpringer
260 _c2016
856 _uhttps://link.springer.com/openurl?genre=book&isbn=978-1-137-58771-8
942 _cEBOOK
999 _c1632452
_d1632452